60 gradi Paesi dell'Est - Statistics

Statistiche generali
  • Questo quiz è stato fatto 51 volte
  • Il punteggio medio è 12 su 20
Statistiche sulle risposte
gradi nazione % Corretto
Russia
90%
Iran
78%
Kazakistan
78%
4.33° Arabia Saudita
71%
Uzbekistan
71%
8.19° India
69%
0.21° Oman
69%
Turkmenistan
69%
0.87° Pakistan
67%
5.49° Yemen
67%
0.51° Afghanistan
65%
11.43° Iraq
65%
8.38° Qatar
57%
3.62° Emirati Arabi Uniti
55%
9.66° Azerbaijan
51%
9.18° Bahrain
51%
8.59° Somalia
43%
9.52° Madagascar
37%
4.06° Seychelles
33%
2.15° Mauritius
31%
Nessun quiz corrispondente trovato
Distribuzione punteggi
Percentuale di utenti per punteggio
Percentile per numero di risposta
I tuoi punteggi nel tempo
Non hai fatto questo quiz